|
|
|
|
| LEADER |
00000nam0a2200000 4500 |
| 001 |
70147 |
| 005 |
20231031081046.0 |
| 010 |
|
|
|a 5211048997
|
| 010 |
|
|
|a 5-02-033541-X
|
| 035 |
|
|
|a (RuTPU)RU\TPU\book\74688
|
| 090 |
|
|
|a 70147
|
| 100 |
|
|
|a 20041115d2004 m y0rusy50 ca
|
| 101 |
0 |
|
|a rus
|
| 102 |
|
|
|a RU
|
| 105 |
|
|
|a y j 000zy
|
| 200 |
1 |
|
|a Лекции по математической физике
|e учебное пособие для вузов
|f А. Г. Свешников, А. Н. Боголюбов, В. В. Кравцов
|g Московский государственный университет им. М. В. Ломоносова
|
| 205 |
|
|
|a 2-е изд., испр. и доп.
|
| 210 |
|
|
|a Москва
|c Изд-во Московского ун-та
|c Наука
|d 2004
|
| 215 |
|
|
|a 416 с.
|
| 225 |
1 |
|
|a Классический университетский учебник
|
| 610 |
1 |
|
|a математическая физика
|
| 610 |
1 |
|
|a частные производные второго порядка
|
| 610 |
1 |
|
|a задачи Штурма-Лиувилля
|
| 610 |
1 |
|
|a метод разделения переменных
|
| 610 |
1 |
|
|a собственные функции
|
| 610 |
1 |
|
|a специальные функции
|
| 610 |
1 |
|
|a уравнения Лапласа
|
| 610 |
1 |
|
|a функции Грина
|
| 610 |
1 |
|
|a уравнения гиперболического типа
|
| 610 |
1 |
|
|a уравнения параболического типа
|
| 610 |
1 |
|
|a уравнения эллиптического типа
|
| 610 |
1 |
|
|a уравнения Гельмгольца
|
| 610 |
1 |
|
|a лекции
|
| 610 |
1 |
|
|a учебные пособия
|
| 675 |
|
|
|a 53:51(075.8)
|v 3
|
| 700 |
|
1 |
|a Свешников
|b А. Г.
|g Алексей Георгиевич
|
| 701 |
|
1 |
|a Боголюбов
|b А. Н.
|g Александр Николаевич
|
| 701 |
|
1 |
|a Кравцов
|b В. В.
|g Владимир Владимирович
|
| 712 |
0 |
2 |
|a Московский государственный университет им. М. В. Ломоносова
|2 stltpush
|3 (RuTPU)RU\TPU\col\7
|
| 801 |
|
1 |
|a RU
|b 63413507
|c 20041115
|g PSBO
|
| 801 |
|
2 |
|a RU
|b 63413507
|c 20151211
|g PSBO
|
| 900 |
|
|
|a Прикладная математика
|
| 900 |
|
|
|a Физика
|
| 900 |
|
|
|a Информатика
|
| 942 |
|
|
|c BK
|
| 952 |
|
|
|a 510200
|b 010300
|
| 959 |
|
|
|a 70/20050908
|d 1
|e 0
|f АНЛ:1
|